between us - little mix lyrics - Statistics

General Stats
  • This quiz has been taken 144 times
  • The average score is 133 of 169
Answer Stats
Hint Answer % Correct
. i
100%
. be
97%
. and
95%
. the
95%
. will
95%
. you
95%
. do
94%
. go
94%
. between
92%
. down
92%
. us
92%
. when
92%
. we
91%
. around
90%
. all
89%
. always
89%
. lights
89%
. me
89%
. no
89%
. to
89%
. never
87%
. stick
87%
. your
87%
. of
86%
. say
86%
. comes
85%
. stay
85%
. close
84%
. curtains
84%
. nothing
84%
. that
84%
. ill
82%
. found
81%
. safe
81%
. this
81%
. wont
81%
. fix
80%
. got
80%
. if
80%
. love
80%
. crown
78%
. lose
78%
. thing
78%
. every
77%
. now
77%
. here
76%
. history
76%
. in
76%
. swear
76%
. leave
75%
. so
75%
. it
73%
. my
73%
. sweet
73%
. they
73%
. our
72%
. vow
72%
. damn
71%
. from
71%
. heres
71%
. hurt
71%
. starting
71%
. yeah
71%
. hurting
68%
. melodies
68%
. victory
68%
. wings
68%
. finally
67%
. rock
67%
. way
67%
. as
66%
. day
66%
. doubt
66%
. just
66%
. made
66%
. power
66%
. remember
66%
. thats
66%
. gave
65%
. anything
63%
. cause
63%
. fighters
63%
. knocked
63%
. lived
63%
. these
63%
. back
62%
. fire
62%
. higher
62%
. shared
62%
. survivors
62%
. time
62%
. bounce
61%
. flames
61%
. lives
61%
. misery
61%
. youre
61%
. changed
59%
. stop
59%
. walked
59%
. im
58%
. synergy
58%
. through
58%
. track
58%
. like
57%
. break
56%
. youll
56%
. hit
28%
No matching quizzes found
Score Distribution
Percent of People with Each Score
Percentile by Number Answered
Your Score History
You have not taken this quiz